[Event "chess.com Junior Speed"]
[Site "chess.com INT"]
[Date "2019.07.11"]
[Round "2.18"]
[White "Sarana, Alexey"]
[Black "Maghsoodloo, Parham"]
[Result "1-0"]
[WhiteTitle "GM"]
[BlackTitle "GM"]
[WhiteElo "2636"]
[BlackElo "2671"]
[WhiteFideId "24133795"]
[BlackFideId "12539929"]
[EventDate "2019.05.16"]

1. d4 f5 2. Nf3 Nf6 3. c4 e6 4. g3 c6 5. Bg2 d5 6. O-O Bd6 7. Bf4 O-O 8. Nbd2
Bxf4 9. gxf4 Nbd7 10. e3 Ne4 11. Ne5 Nxe5 12. fxe5 Nxd2 13. Qxd2 f4 14. exf4 Qh4
15. f5 Rxf5 16. f4 Bd7 17. cxd5 exd5 18. Rf2 Raf8 19. Raf1 Be6 20. Qe3 R5f7 21.
Qg3 Qh6 22. h4 Bf5 23. Kh2 Qe6 24. Bh3 g6 25. Bxf5 Rxf5 26. Kg2 Rh5 27. Rf3 Rff5
28. R1f2 Qe7 29. Kh3 Qe6 30. Qg4 Kg7 31. Kg3 Qe7 32. Re2 Kf7 33. e6+ Ke8 34. Re5
Qf6 35. b4 Ke7 36. a4 a6 37. b5 axb5 38. axb5 Rxe5 39. fxe5 Qxe6 40. Qxe6+ Kxe6
41. Rf6+ Kd7 42. Rf7+ Kc8 43. b6 g5 44. e6 Kd8 45. Rxb7 Rh6 46. Rd7+ Kc8 47. b7+
Kb8 48. e7 gxh4+ 49. Kh3 Re6 50. Rd8+ Kxb7 51. e8=Q Rxe8 52. Rxe8 c5 53. dxc5
Kc6 54. Rc8+ Kd7 55. Ra8 Kc6 56. Ra5 d4 57. Kxh4 d3 58. Ra3 1-0

[Event "chess.com Junior Speed"]
[Site "chess.com INT"]
[Date "2019.07.11"]
[Round "2.19"]
[White "Maghsoodloo, Parham"]
[Black "Sarana, Alexey"]
[Result "1/2-1/2"]
[WhiteTitle "GM"]
[BlackTitle "GM"]
[WhiteElo "2671"]
[BlackElo "2636"]
[WhiteFideId "12539929"]
[BlackFideId "24133795"]
[EventDate "2019.05.16"]

1. e4 c5 2. Nf3 d6 3. d4 cxd4 4. Nxd4 Nf6 5. Nc3 a6 6. h3 e5 7. Nde2 b5 8. Bg5
Nbd7 9. Ng3 Bb7 10. Be2 Qa5 11. a3 h6 12. Bd2 Qc7 13. O-O Nb6 14. Bf3 Nc4 15.
Bc1 Be7 16. Re1 O-O 17. Nf5 Rfd8 18. b3 Nb6 19. Bb2 Bf8 20. Qe2 Rac8 21. Rad1 d5
22. exd5 Nbxd5 23. Nxd5 Nxd5 24. Bxe5 Qxc2 25. Qxc2 Rxc2 26. Bxg7 Bxg7 27. Bxd5
Bxd5 28. Ne7+ Kh7 29. Nxd5 Ra2 30. Re7 Rxa3 31. Rxf7 Rxb3 32. Ra7 Kh8 33. Rxa6
Rb2 34. g4 b4 35. Rb6 b3 36. Kg2 Rf8 37. Kg3 Be5+ 38. f4 Bg7 39. Rd3 Rd8 40. g5
hxg5 41. fxg5 Rb1 42. Nf4 Rxd3+ 43. Nxd3 b2 44. Kg2 Bd4 45. Rb8+ Kg7 46. Rb7+
Kg6 47. Nxb2 Bxb2 48. h4 Kh5 49. Rb4 Kg6 50. Rb6+ Kh5 51. Rb5 Rc1 52. Rxb2 Kxh4
53. g6 Rc6 54. g7 Rg6+ 55. Kf3 Rxg7 56. Rg2 Rxg2 57. Kxg2 1/2-1/2

[Event "chess.com Junior Speed"]
[Site "chess.com INT"]
[Date "2019.07.11"]
[Round "2.20"]
[White "Sarana, Alexey"]
[Black "Maghsoodloo, Parham"]
[Result "1-0"]
[WhiteTitle "GM"]
[BlackTitle "GM"]
[WhiteElo "2636"]
[BlackElo "2671"]
[WhiteFideId "24133795"]
[BlackFideId "12539929"]
[EventDate "2019.05.16"]

1. d4 Nf6 2. c4 e6 3. Nf3 d5 4. Nc3 dxc4 5. e4 b5 6. e5 Nd5 7. Nxb5 Nb6 8. Be2
Bb7 9. O-O Nc6 10. Be3 Be7 11. Rc1 Nb4 12. Bxc4 Nxc4 13. Rxc4 O-O 14. Qa4 Nd5
15. Rcc1 a5 16. Nc3 Nb6 17. Qc2 a4 18. Ne4 h6 19. Rfd1 Qd5 20. Nc5 Rfc8 21. b3
axb3 22. axb3 Bc6 23. Nxe6 fxe6 24. Qxc6 Qxb3 25. d5 exd5 26. Qe6+ Kf8 27. Bxh6
gxh6 28. Qxh6+ Kg8 29. Qg6+ Kf8 30. Rd4 Ra4 31. e6 1-0

[Event "chess.com Junior Speed"]
[Site "chess.com INT"]
[Date "2019.07.11"]
[Round "2.21"]
[White "Maghsoodloo, Parham"]
[Black "Sarana, Alexey"]
[Result "1-0"]
[WhiteTitle "GM"]
[BlackTitle "GM"]
[WhiteElo "2671"]
[BlackElo "2636"]
[WhiteFideId "12539929"]
[BlackFideId "24133795"]
[EventDate "2019.05.16"]

1. Nf3 d5 2. g3 Nf6 3. Bg2 g6 4. O-O Bg7 5. d4 c6 6. b3 O-O 7. Bb2 Nbd7 8. Nbd2
b5 9. c4 bxc4 10. bxc4 Ba6 11. Rc1 Rb8 12. Qc2 Nb6 13. Ne5 Qc8 14. Ba3 Rb7 15.
Rfd1 Qe6 16. Nb3 Nbd7 17. Na5 Rc7 18. cxd5 Nxd5 19. e4 N5f6 20. Nexc6 Nb6 21. d5
Qg4 22. h3 Qg5 23. Nxe7+ Rxe7 24. Bxe7 Re8 25. d6 Nh5 26. Bxg5 1-0

[Event "chess.com Junior Speed"]
[Site "chess.com INT"]
[Date "2019.07.11"]
[Round "2.22"]
[White "Sarana, Alexey"]
[Black "Maghsoodloo, Parham"]
[Result "0-1"]
[WhiteTitle "GM"]
[BlackTitle "GM"]
[WhiteElo "2636"]
[BlackElo "2671"]
[WhiteFideId "24133795"]
[BlackFideId "12539929"]
[EventDate "2019.05.16"]

1. d4 f5 2. Nf3 Nf6 3. g3 g6 4. Bg2 Bg7 5. O-O O-O 6. c4 d6 7. Nc3 c6 8. Rb1 Qc7
9. b4 e5 10. d5 a5 11. dxc6 bxc6 12. b5 e4 13. Nd4 c5 14. Nc2 Nbd7 15. Bf4 Ne5
16. Ne3 Be6 17. Ncd5 Nxd5 18. Nxd5 Qb7 19. Bxe5 Bxe5 20. f3 Bxd5 21. cxd5 exf3
22. exf3 f4 23. Bh3 fxg3 24. Be6+ Kh8 25. hxg3 Bxg3 26. Kg2 Be5 27. Qd2 Rf4 28.
Rh1 Qe7 29. Rh3 c4 30. Qc2 Qg5+ 31. Kh1 c3 32. b6 Rb8 33. Qh2 Rb7 34. Bc8 Rb4
35. Rxb4 Bxh2 36. Rc4 Qg1# 0-1

[Event "chess.com Junior Speed"]
[Site "chess.com INT"]
[Date "2019.07.11"]
[Round "2.23"]
[White "Maghsoodloo, Parham"]
[Black "Sarana, Alexey"]
[Result "1/2-1/2"]
[WhiteTitle "GM"]
[BlackTitle "GM"]
[WhiteElo "2671"]
[BlackElo "2636"]
[WhiteFideId "12539929"]
[BlackFideId "24133795"]
[EventDate "2019.05.16"]

1. Nf3 d5 2. g3 Nf6 3. Bg2 g6 4. O-O Bg7 5. b3 c5 6. Bb2 Nc6 7. e3 O-O 8. Ne5
Bd7 9. Nxd7 Qxd7 10. d3 e5 11. Nd2 Rfe8 12. a3 Rad8 13. Qe2 d4 14. e4 Nh5 15.
Bf3 Nf6 16. h4 b5 17. a4 a6 18. Ba3 Nb4 19. Rfc1 h5 20. Kg2 Bf8 21. Qd1 Qb7 22.
Nf1 Rc8 23. Nd2 Red8 24. Rcb1 Qc6 25. Bc1 Ra8 26. Nf1 c4 27. bxc4 bxc4 28. Ba3
a5 29. Bxb4 Bxb4 30. Nd2 cxd3 31. cxd3 Bxd2 32. Qxd2 Qc3 33. Qd1 Rab8 34. Rc1
Qb4 35. Rab1 Qa3 36. Rc4 Kg7 37. Rc7 Rxb1 38. Qxb1 Qxa4 39. Bd1 Qb4 40. Qxb4
axb4 41. Rb7 Nd7 42. Rxb4 Nc5 43. Bc2 Ra8 44. Rb5 Rc8 45. Bb1 Rc7 46. f4 Kf6 47.
Kf3 exf4 48. gxf4 Ne6 49. Ba2 Rc1 50. f5 gxf5 51. Rxf5+ Kg6 52. Bxe6 fxe6 53.
Rg5+ Kf6 54. e5+ Kf7 55. Ke4 Rh1 56. Rxh5 Kg6 57. Rg5+ Kh6 58. Rg4 Kh5 59. Rf4
Ra1 60. Rf6 Ra6 61. Rf4 Ra4 62. Rf6 Ra6 63. Kf4 Rb6 64. Rf8 Rb1 65. Ke4 Kxh4 66.
Kxd4 Kg5 67. Kc5 Rb3 68. d4 Rb7 69. Rf6 Rc7+ 70. Kb5 Rd7 71. Kc5 Rc7+ 72. Kd6
Rc4 73. Kxe6 Rxd4 74. Rf1 Kg6 75. Ke7 Ra4 76. Rf6+ Kg7 77. Rd6 Ra7+ 78. Rd7 Ra8
79. e6 Kg6 80. Rc7 Kg7 81. Rb7 Kg6 82. Rd7 Kg7 83. Rc7 Kg6 84. Rd7 Kg7 85. Rd8
Ra7+ 86. Rd7 Ra8 1/2-1/2

[Event "chess.com Junior Speed"]
[Site "chess.com INT"]
[Date "2019.07.11"]
[Round "2.24"]
[White "Sarana, Alexey"]
[Black "Maghsoodloo, Parham"]
[Result "0-1"]
[WhiteTitle "GM"]
[BlackTitle "GM"]
[WhiteElo "2636"]
[BlackElo "2671"]
[WhiteFideId "24133795"]
[BlackFideId "12539929"]
[EventDate "2019.05.16"]

1. d4 Nf6 2. c4 e6 3. Nf3 d5 4. Nc3 a6 5. cxd5 exd5 6. Bg5 Be6 7. Qb3 Ra7 8. e3
Nbd7 9. Bd3 Bd6 10. O-O c6 11. Qc2 Qc7 12. h3 O-O 13. e4 dxe4 14. Nxe4 Nxe4 15.
Bxe4 h6 16. Bh4 Raa8 17. Rac1 Rac8 18. Rcd1 Nb6 19. Bf5 Rfe8 20. Rfe1 Bxf5 21.
Qxf5 Nd5 22. Ne5 f6 23. Ng4 Qf7 24. Re4 Rxe4 25. Qxc8+ Qe8 26. Qxe8+ Rxe8 27.
Kf1 h5 28. Ne3 Rxe3 29. fxe3 Nxe3+ 30. Ke2 Nxd1 31. Kxd1 Kf7 32. Ke2 Ke6 33. Kd3
Kd5 34. g4 hxg4 35. hxg4 Bf4 36. Bf2 g6 37. b3 f5 38. gxf5 gxf5 39. Bg1 Bg5 40.
Bf2 f4 41. Be1 Bf6 42. Bf2 b6 43. Bg1 Bh4 44. a4 Bg3 45. Ke2 Ke4 46. d5 f3+ 47.
Kf1 f2 48. Bxf2 Bxf2 49. Kxf2 cxd5 50. Ke2 a5 51. Kd2 Kd4 0-1

[Event "chess.com Junior Speed"]
[Site "chess.com INT"]
[Date "2019.07.11"]
[Round "2.25"]
[White "Maghsoodloo, Parham"]
[Black "Sarana, Alexey"]
[Result "0-1"]
[WhiteTitle "GM"]
[BlackTitle "GM"]
[WhiteElo "2671"]
[BlackElo "2636"]
[WhiteFideId "12539929"]
[BlackFideId "24133795"]
[EventDate "2019.05.16"]

1. e4 d6 2. Nf3 Nf6 3. Nc3 e5 4. d4 Nbd7 5. Bc4 Be7 6. O-O O-O 7. Re1 c6 8. a4
a5 9. h3 Nb6 10. Bf1 Nfd7 11. b3 exd4 12. Nxd4 Nc5 13. Bb2 Bf6 14. Qd2 Re8 15.
Rad1 Qc7 16. f3 Bd7 17. Qc1 Rad8 18. Nce2 d5 19. exd5 Nxd5 20. Nc3 Rxe1 21. Nxd5
Rxf1+ 22. Kxf1 cxd5 23. Qd2 Ne6 24. Nxe6 Bxe6 25. Bxf6 gxf6 26. Qh6 Qxc2 27. Rd4
Qg6 28. Qd2 Rc8 29. Qxa5 Rc1+ 30. Kf2 Rc2+ 31. Rd2 Qd3 32. Rxc2 Qxc2+ 33. Kg3
Qxb3 34. Qc5 Qxa4 35. h4 Kg7 36. h5 h6 0-1

[Event "chess.com Junior Speed"]
[Site "chess.com INT"]
[Date "2019.07.11"]
[Round "2.26"]
[White "Sarana, Alexey"]
[Black "Maghsoodloo, Parham"]
[Result "1-0"]
[WhiteTitle "GM"]
[BlackTitle "GM"]
[WhiteElo "2636"]
[BlackElo "2671"]
[WhiteFideId "24133795"]
[BlackFideId "12539929"]
[EventDate "2019.05.16"]

1. d4 f5 2. c4 Nf6 3. Nc3 g6 4. Nh3 Bg7 5. Nf4 d6 6. h4 e5 7. dxe5 dxe5 8. Qxd8+
Kxd8 9. Nfd5 c6 10. Nxf6 Bxf6 11. Bg5 Ke7 12. O-O-O Be6 13. e4 Nd7 14. exf5 gxf5
15. Be2 h6 16. Bxf6+ Nxf6 17. g3 Rad8 18. Na4 b6 19. Nc3 a6 20. Kc2 b5 21. cxb5
cxb5 22. a3 Rc8 23. Rhe1 Ne4 24. Bf3 Nxc3 25. bxc3 Rc5 26. Kb2 Rhc8 27. Re3 a5
28. Rd2 R8c7 29. Bd1 R7c6 30. Bc2 Rb6 31. f4 b4 32. cxb4 axb4 33. a4 e4 34. g4
b3 35. Bb1 Rb4 36. gxf5 Bxf5 37. Rde2 Rcc4 38. a5 Ra4 39. a6 Kf6 40. Rxb3 Rxa6
41. Rb5 Re6 42. Ba2 Rcc6 43. Bxe6 Rxe6 44. Re3 Bg4 45. Kc3 Rc6+ 46. Kd4 Bf3 47.
Rc3 Rd6+ 48. Ke3 Bg4 49. Kxe4 Re6+ 50. Re5 Ra6 51. Ke3 Be6 52. Kf3 Rd6 53. Kg3
Kg6 54. Rec5 Bd7 55. h5+ Kf6 56. Ra3 Be8 57. Rca5 Kg7 58. Ra7+ Kf6 59. R3a6 Bc6
60. Rc7 Rd3+ 61. Kh4 Kf5 62. Raxc6 Ke4 63. Rf7 1-0

[Event "chess.com Junior Speed"]
[Site "chess.com INT"]
[Date "2019.07.09"]
[Round "2.1"]
[White "Firouzja, Alireza"]
[Black "Sevian, Samuel"]
[Result "0-1"]
[WhiteTitle "GM"]
[BlackTitle "GM"]
[WhiteElo "2682"]
[BlackElo "2666"]
[WhiteFideId "12573981"]
[BlackFideId "2040506"]
[EventDate "2019.05.16"]

1. e4 e5 2. Nf3 Nc6 3. Bb5 Nf6 4. d3 d6 5. c3 g6 6. O-O Bg7 7. h3 O-O 8. Be3 Bd7
9. Nbd2 a6 10. Ba4 Re8 11. Re1 h6 12. Nf1 b5 13. Bb3 Na5 14. Bc2 c5 15. Ng3 Rc8
16. Qd2 Kh7 17. a3 Be6 18. b4 Nb3 19. Bxb3 Bxb3 20. Rab1 Ba4 21. Rec1 Qe7 22.
Qa2 c4 23. d4 Qb7 24. d5 Rf8 25. Nh2 Ng8 26. Qd2 f5 27. exf5 gxf5 28. f4 Ne7 29.
Nh5 Qxd5 30. Qe2 Bh8 31. fxe5 dxe5 32. Rb2 Qf7 33. Bc5 Rg8 34. Rf1 Nd5 35. Qf3
Rg5 36. Ng3 Rcg8 37. Nxf5 Nf4 38. Ne3 Qg6 39. Kh1 Rg3 40. Qb7+ Rg7 41. Qa8 Rg8
42. Qb7+ Rg7 43. Qa8 Qd3 44. Nf3 Nxg2 45. Rxg2 Rxg2 46. Nxe5 Qd2 47. Qe4+ Kg8
48. Nxg2 Bc2 49. Qa8+ Kh7 50. Ng4 Rd7 51. Qf3 Bg6 52. Nf6+ Bxf6 53. Qxf6 Rf7 54.
Qxf7+ Bxf7 55. Rxf7+ Kg6 56. Rf3 Qb2 57. Rg3+ Kf7 58. Rf3+ Ke8 59. Kh2 Qxa3 60.
Kg3 a5 61. Re3+ Kd7 62. Nf4 a4 63. Ng6 Qc1 64. Re7+ Kc8 65. Re8+ Kd7 66. Re7+
Kc8 67. Ne5 Qg5+ 68. Kf3 Qf5+ 69. Ke3 Qg5+ 70. Kd4 Qd2+ 71. Ke4 Qg2+ 72. Kf5
Qxh3+ 73. Kf6 a3 74. Re8+ Kc7 75. Re7+ Kc8 76. Bd6 Qh4+ 77. Ke6 Qh3+ 78. Kd5
Qg2+ 79. Kc5 a2 80. Nc6 Qg5+ 81. Be5 Qxe7+ 82. Nxe7+ Kd7 83. Nd5 a1=Q 84. Bd4 h5
85. Nf6+ Ke6 86. Nxh5 Qa7+ 87. Kxb5 Qd7+ 88. Kb6 Qd6+ 89. Ka7 Qc7+ 90. Ka8 Qc6+
91. Ka7 Qa4+ 92. Kb6 Kd5 93. Nf4+ Ke4 94. Ne6 Kd5 95. Nc5 Qc6+ 96. Ka5 Qe8 97.
b5 Qa8+ 98. Kb4 Qa2 99. b6 Qb2+ 100. Ka5 Kc6 101. Ka4 Qb5+ 102. Ka3 Qxb6 103.
Ka2 Qb5 104. Ka1 Kd5 105. Ka2 Qe8 106. Ka3 Qe2 107. Kb4 Qb2+ 108. Ka4 Kc6 109.
Ne6 Qb3+ 0-1

[Event "chess.com Junior Speed"]
[Site "chess.com INT"]
[Date "2019.07.09"]
[Round "2.2"]
[White "Sevian, Samuel"]
[Black "Firouzja, Alireza"]
[Result "0-1"]
[WhiteTitle "GM"]
[BlackTitle "GM"]
[WhiteElo "2666"]
[BlackElo "2682"]
[WhiteFideId "2040506"]
[BlackFideId "12573981"]
[EventDate "2019.05.16"]

1. e4 c5 2. Nf3 d6 3. d4 cxd4 4. Nxd4 Nf6 5. Nc3 Nc6 6. Be2 e5 7. Nb3 Be7 8. O-O
O-O 9. Be3 a5 10. a4 Nb4 11. f4 Bd7 12. Nd2 Bc6 13. Bf3 d5 14. fxe5 d4 15. exf6
Bxf6 16. e5 dxe3 17. exf6 exd2 18. Bxc6 Qd4+ 19. Rf2 bxc6 20. Qxd2 Qxd2 21. Rxd2
gxf6 22. Rad1 Rfe8 23. Ne2 Nd5 24. b3 Ne3 25. Re1 Rad8 26. Nd4 Re4 27. Nf3 Rde8
28. Rde2 f5 29. Nd2 R4e6 30. Rc1 Kg7 31. Nf3 c5 32. h3 h6 33. Rd2 f4 34. Re1
R8e7 35. Kf2 Re4 36. Kg1 c4 37. Rc1 Nf5 38. Rd5 Ng3 39. Kh2 Rc7 40. Re1 Rxe1 41.
Nxe1 cxb3 42. cxb3 Rc1 43. Re5 f6 44. Re7+ Kf8 45. Re6 Kf7 0-1

[Event "chess.com Junior Speed"]
[Site "chess.com INT"]
[Date "2019.07.09"]
[Round "2.3"]
[White "Firouzja, Alireza"]
[Black "Sevian, Samuel"]
[Result "1-0"]
[WhiteTitle "GM"]
[BlackTitle "GM"]
[WhiteElo "2682"]
[BlackElo "2666"]
[WhiteFideId "12573981"]
[BlackFideId "2040506"]
[EventDate "2019.05.16"]

1. e4 e5 2. Nf3 Nc6 3. Bb5 Nf6 4. O-O Nxe4 5. Re1 Nd6 6. Nxe5 Nxe5 7. Rxe5+ Be7
8. Bf1 O-O 9. d4 Bf6 10. Re1 Re8 11. Bf4 Rxe1 12. Qxe1 Ne8 13. Nc3 Bxd4 14. Nd5
d6 15. Bg5 f6 16. Bh4 Bxb2 17. Rb1 Be5 18. f4 c6 19. fxe5 cxd5 20. exf6 Nxf6 21.
Bd3 Bd7 22. Qg3 Bc6 23. Rf1 Qb6+ 24. Kh1 Ne4 25. Qf4 h6 26. Qf7+ Kh8 27. Bxe4
dxe4 28. Bf6 Rg8 29. Qg6 Qe3 30. Bxg7+ 1-0

[Event "chess.com Junior Speed"]
[Site "chess.com INT"]
[Date "2019.07.09"]
[Round "2.4"]
[White "Sevian, Samuel"]
[Black "Firouzja, Alireza"]
[Result "1-0"]
[WhiteTitle "GM"]
[BlackTitle "GM"]
[WhiteElo "2666"]
[BlackElo "2682"]
[WhiteFideId "2040506"]
[BlackFideId "12573981"]
[EventDate "2019.05.16"]

1. d4 Nf6 2. Nf3 g6 3. Nbd2 d5 4. e3 Bg7 5. b4 a5 6. b5 c5 7. bxc6 Nxc6 8. a4
O-O 9. c3 e5 10. Ba3 Re8 11. Bb5 e4 12. Ng1 Ng4 13. h3 Nh6 14. Ne2 Nf5 15. Nf4
Nh4 16. g3 Nf5 17. Qb3 Be6 18. Rb1 Rc8 19. Be2 Rc7 20. Bc5 Rd7 21. Qb6 Qc8 22.
h4 Bf6 23. h5 Bd8 24. Qb2 g5 25. Nxe6 fxe6 26. c4 Rf7 27. h6 Rf6 28. Qxb7 Qxb7
29. Rxb7 Be7 30. Nb3 dxc4 31. Bxc4 Nxh6 32. Bxe7 1-0

[Event "chess.com Junior Speed"]
[Site "chess.com INT"]
[Date "2019.07.09"]
[Round "2.5"]
[White "Firouzja, Alireza"]
[Black "Sevian, Samuel"]
[Result "1-0"]
[WhiteTitle "GM"]
[BlackTitle "GM"]
[WhiteElo "2682"]
[BlackElo "2666"]
[WhiteFideId "12573981"]
[BlackFideId "2040506"]
[EventDate "2019.05.16"]

1. e4 e5 2. Nf3 Nc6 3. Bb5 Nf6 4. O-O Nxe4 5. Re1 Nd6 6. Nxe5 Be7 7. Bf1 Nxe5 8.
Rxe5 O-O 9. d4 Ne8 10. d5 Bc5 11. Re1 d6 12. Nc3 f5 13. Bf4 Bd7 14. Qd2 Nf6 15.
Be3 Bxe3 16. Qxe3 Qe8 17. Qd4 Qh5 18. f3 b6 19. Bb5 Rae8 20. Bxd7 Nxd7 21. Nb5
Rxe1+ 22. Rxe1 Re8 23. Qf2 Rxe1+ 24. Qxe1 Ne5 25. f4 Ng4 26. Qe6+ Kf8 27. h3 Nf6
28. Nxc7 Qd1+ 29. Kh2 Qxc2 30. Qxd6+ Kf7 31. Ne6 Qc8 32. Nd8+ Kg6 33. Qe7 Qd7
34. Qxd7 Nxd7 35. Nc6 Nc5 36. Nxa7 Nd3 37. Nc8 Nxf4 38. Nxb6 Kf6 39. a4 Nd3 40.
a5 Nb4 41. d6 g5 42. Kg3 Ke6 43. d7 Ke7 44. Kf3 h5 45. h4 gxh4 46. Kf4 1-0

[Event "chess.com Junior Speed"]
[Site "chess.com INT"]
[Date "2019.07.09"]
[Round "2.6"]
[White "Sevian, Samuel"]
[Black "Firouzja, Alireza"]
[Result "1/2-1/2"]
[WhiteTitle "GM"]
[BlackTitle "GM"]
[WhiteElo "2666"]
[BlackElo "2682"]
[WhiteFideId "2040506"]
[BlackFideId "12573981"]
[EventDate "2019.05.16"]

1. d4 Nf6 2. Nf3 d5 3. c4 e6 4. g3 Bb4+ 5. Nbd2 O-O 6. Bg2 b6 7. O-O Bb7 8. a3
Be7 9. cxd5 exd5 10. b3 Nbd7 11. Bb2 Re8 12. Rc1 Bd6 13. e3 Rc8 14. Nh4 a5 15.
Qc2 Bf8 16. Qb1 Ne4 17. Rfd1 Ndf6 18. Nhf3 Nxd2 19. Rxd2 Bd6 20. Ne5 c5 21. Nd3
Ne4 22. Rdd1 c4 23. bxc4 dxc4 24. Ne5 c3 25. Ba1 Bxe5 26. Bxe4 Bxe4 27. Qxe4
Bxg3 28. Qf3 Bd6 29. Rxc3 Rxc3 30. Bxc3 Bxa3 31. d5 Bd6 32. e4 f6 33. Bd4 a4 34.
Rb1 Qe7 35. Rxb6 Qxe4 36. Qxe4 Rxe4 37. Rxd6 Rxd4 38. Ra6 Kf7 39. Ra7+ Kg6 40.
d6 h5 41. d7 Kg5 42. Kg2 g6 43. h3 f5 44. Rxa4 Rxd7 45. h4+ Kf6 46. Ra6+ Kf7 47.
Kg3 Rd4 48. f3 f4+ 49. Kg2 Kg7 50. Ra7+ Kh6 51. Ra6 Rc4 52. Rb6 Kg7 53. Rb7+ Kf6
54. Rb6+ Kf5 55. Rb5+ Ke6 56. Rb6+ Kf7 57. Rb7+ Kf6 58. Rb6+ Kg7 59. Ra6 Rd4 60.
Rb6 Kf7 61. Ra6 Rc4 62. Rb6 Rc2+ 63. Kh3 Rc3 64. Kg2 Rc4 65. Ra6 Rd4 66. Rb6 Rd5
67. Rb4 Rf5 68. Rb7+ Kf6 69. Rb6+ Kg7 70. Rb7+ Rf7 71. Rb6 Rf6 72. Rb7+ Kh6 73.
Rb5 Re6 74. Ra5 Kg7 75. Ra4 Rf6 76. Ra7+ Rf7 77. Ra4 Rf5 78. Ra7+ Kh6 79. Ra6
Rf7 80. Rc6 Kg7 81. Kh3 Rf6 82. Rc7+ Kf8 83. Rb7 Re6 84. Rb4 Rf6 85. Rb7 Rf5 86.
Kg2 Rf7 87. Rb6 Kg7 88. Kh3 Re7 89. Rb4 Rf7 90. Rb6 Rf5 91. Rb7+ Kh6 92. Rb6 Re5
93. Rb4 g5 94. Rb6+ Kg7 95. hxg5 Rxg5 96. Kh4 Rg3 97. Kxh5 Rxf3 98. Kg4 Rf1 99.
Kf5 f3 100. Kf4 f2 101. Rb2 Re1 102. Rxf2 Re6 103. Rf3 Rf6+ 104. Kg3 Rxf3+ 105.
Kxf3 1/2-1/2

[Event "chess.com Junior Speed"]
[Site "chess.com INT"]
[Date "2019.07.09"]
[Round "2.7"]
[White "Firouzja, Alireza"]
[Black "Sevian, Samuel"]
[Result "0-1"]
[WhiteTitle "GM"]
[BlackTitle "GM"]
[WhiteElo "2682"]
[BlackElo "2666"]
[WhiteFideId "12573981"]
[BlackFideId "2040506"]
[EventDate "2019.05.16"]

1. e4 e5 2. Nf3 Nc6 3. Bb5 a6 4. Ba4 Nf6 5. O-O d6 6. c3 g6 7. d4 Bd7 8. Bg5 b5
9. Bb3 Bg7 10. Nbd2 h6 11. Bh4 O-O 12. Re1 Re8 13. h3 Rb8 14. a3 Na5 15. Ba2 Qc8
16. b4 Nc6 17. Qc2 Nh5 18. dxe5 Nxe5 19. Nxe5 Bxe5 20. Nf3 Bg7 21. Rad1 Be6 22.
c4 Qb7 23. Rc1 Rbc8 24. c5 dxc5 25. Bxe6 Rxe6 26. bxc5 Rce8 27. c6 Qb6 28. Kh2
Bf8 29. g4 Nf6 30. e5 Nd5 31. Qd2 Ne7 32. Nd4 Rd8 33. Rcd1 Rd5 34. Qe3 Rexe5 35.
Qxe5 Rxe5 36. Rxe5 Nxc6 37. Nxc6 Qxc6 38. Rd8 Kg7 39. Ree8 Bd6+ 40. Bg3 Qf3 41.
Bxd6 Qxf2+ 42. Kh1 Qf1+ 43. Kh2 Qf2+ 44. Kh1 Qf3+ 45. Kh2 cxd6 46. Rd7 Qf2+ 47.
Kh1 Qg3 48. Ree7 Qxh3+ 49. Kg1 Qxg4+ 50. Kh2 Qf4+ 51. Kg2 h5 52. a4 bxa4 53. Ra7
h4 54. Reb7 a3 0-1

[Event "chess.com Junior Speed"]
[Site "chess.com INT"]
[Date "2019.07.09"]
[Round "2.8"]
[White "Sevian, Samuel"]
[Black "Firouzja, Alireza"]
[Result "0-1"]
[WhiteTitle "GM"]
[BlackTitle "GM"]
[WhiteElo "2666"]
[BlackElo "2682"]
[WhiteFideId "2040506"]
[BlackFideId "12573981"]
[EventDate "2019.05.16"]

1. d4 Nf6 2. Nf3 d5 3. c4 e6 4. g3 Be7 5. Bg2 O-O 6. O-O dxc4 7. Ne5 Qd6 8. Na3
Rd8 9. Naxc4 Qxd4 10. Be3 Qxd1 11. Rfxd1 Nd5 12. Rac1 Na6 13. Bd2 f6 14. Nd3 e5
15. Na5 Rb8 16. a3 c6 17. b4 Nac7 18. a4 Be6 19. b5 cxb5 20. e4 bxa4 21. exd5
Nxd5 22. Be1 a3 23. Nc5 Bxc5 24. Rxc5 a2 25. Rcc1 Ne7 26. Rxd8+ Rxd8 27. Nxb7
Rb8 28. Ra1 Nd5 29. Rxa2 Rxb7 30. Ra6 Kf7 31. Rd6 Rb1 32. Kf1 Nf4 33. Rc6 Nxg2 0-1

[Event "chess.com Junior Speed"]
[Site "chess.com INT"]
[Date "2019.07.09"]
[Round "2.9"]
[White "Firouzja, Alireza"]
[Black "Sevian, Samuel"]
[Result "1/2-1/2"]
[WhiteTitle "GM"]
[BlackTitle "GM"]
[WhiteElo "2682"]
[BlackElo "2666"]
[WhiteFideId "12573981"]
[BlackFideId "2040506"]
[EventDate "2019.05.16"]

1. e4 e5 2. Nf3 Nc6 3. Bb5 a6 4. Ba4 Nf6 5. O-O d6 6. c3 g6 7. d4 Bd7 8. Re1 Bg7
9. Nbd2 O-O 10. h3 b5 11. Bb3 Re8 12. d5 Na5 13. Bc2 c6 14. dxc6 Bxc6 15. b4 Nb7
16. Nf1 d5 17. Bg5 dxe4 18. N3d2 Nd6 19. Ng3 Rc8 20. Qe2 h6 21. Bxf6 Qxf6 22.
Rad1 Red8 23. Ndxe4 Bxe4 24. Nxe4 Nxe4 25. Qxe4 Rxc3 26. Rxd8+ Qxd8 27. Bb3 Rc7
28. Qxg6 Qd2 29. Re3 Qd1+ 30. Bxd1 fxg6 31. Bb3+ Kf8 32. g3 Ke7 33. Kg2 Rd7 34.
Rc3 e4 35. Rc6 Rd6 36. Rc7+ Rd7 37. Rxd7+ Kxd7 38. Bc2 Bc3 39. Bxe4 g5 40. Bb7
Bxb4 41. Bxa6 Kc6 42. Kf3 Bc5 43. Ke2 b4 44. f4 gxf4 45. gxf4 Kd5 46. Kf3 Ke6 1/2-1/2

[Event "chess.com Junior Speed"]
[Site "chess.com INT"]
[Date "2019.07.09"]
[Round "2.10"]
[White "Sevian, Samuel"]
[Black "Firouzja, Alireza"]
[Result "0-1"]
[WhiteTitle "GM"]
[BlackTitle "GM"]
[WhiteElo "2666"]
[BlackElo "2682"]
[WhiteFideId "2040506"]
[BlackFideId "12573981"]
[EventDate "2019.05.16"]

1. e4 c5 2. Nf3 d6 3. d4 cxd4 4. Nxd4 Nf6 5. Nc3 Nc6 6. Bg5 e6 7. Qd2 a6 8.
O-O-O Bd7 9. f4 b5 10. Bxf6 gxf6 11. Kb1 Qb6 12. Nxc6 Bxc6 13. f5 b4 14. Ne2 e5
15. Ng3 h5 16. Bc4 h4 17. Nf1 Bxe4 18. Qe2 Bxf5 19. Ne3 Be6 20. Bxe6 fxe6 21.
Qf3 O-O-O 22. Qxf6 Rh6 23. Qg5 Rh7 24. Rhf1 Rc7 25. Ng4 Qc6 26. Rd2 Bg7 27. Rfd1
Rdd7 28. Qxh4 e4 29. Nf6 e3 30. Re2 Rf7 31. Nh5 Be5 32. Qg4 d5 33. Ng3 Rf2 34.
Rde1 d4 35. Qg6 Bxg3 36. hxg3 Qxg2 37. Qxe6+ Kb7 38. Qg4 Qc6 39. b3 d3 40. cxd3
Qc3 0-1